| 000 | 01615cam a22004215a 4500 | ||
|---|---|---|---|
| 008 | 080814r20082003-us||||fr|||| 00| 0 eng d | ||
| 010 | _a 2002031361 | ||
| 020 | _a9780521520775 | ||
| 020 | _a9780521817516 | ||
| 040 |
_aDLC _beng _cDLC _dDLC _dEG-ScBUE |
||
| 050 | 0 | 0 | _aHD4851 |
| 082 | 0 | 0 |
_a331.110904 _bSIL _222 |
| 100 | 1 | _aSilver, Beverly J. | |
| 245 | 1 | 0 |
_aForces of labor : _bworkers' movements and globalization since 1870 / _cBeverly J. Silver. |
| 250 | _a1st ed., Reprint. | ||
| 260 |
_aCambridge ; _aNew York : _bCambridge University Press, _c2008. |
||
| 300 |
_axv, 238 p. : _bill. ; _c24 cm. |
||
| 490 | 0 | _aCambridge studies in comparative politics | |
| 500 | _aIndex : p. 229-238. | ||
| 500 | _aReprint of the 2003 ed. | ||
| 504 | _abibliography : p. 205-227. | ||
| 590 | _ayassmeen ashraf | ||
| 650 | 0 |
_aLabor movement _xHistory. _2BUEsh |
|
| 650 | 0 |
_aLabor disputes _xHistory. _2BUEsh |
|
| 650 | 0 |
_aCapitalism _xHistory. _2BUEsh |
|
| 650 | 0 |
_aGlobalization _xEconomic aspects _xHistory. _2BUEsh |
|
| 650 | 0 |
_aBusiness relocation _xHistory. _2BUEsh |
|
| 650 | 0 |
_aManufacturing processes _xHistory. _2BUEsh |
|
| 650 | 0 |
_aAutomobile industry workers _xHistory. _2BUEsh |
|
| 650 | 0 |
_aTextile workers _xHistory. _2BUEsh |
|
| 651 | _2BUEsh | ||
| 653 |
_bBUSADM _bBUSECO _cAugust2015 |
||
| 856 | 4 | 1 |
_3Sample text _uhttp://www.loc.gov/catdir/samples/cam033/2002031361.html |
| 856 | 4 | 2 |
_3Publisher description _uhttp://www.loc.gov/catdir/description/cam031/2002031361.html |
| 856 | 4 | 1 |
_3Table of contents _uhttp://www.loc.gov/catdir/toc/cam031/2002031361.html |
| 942 | _2ddc | ||
| 999 |
_c10095 _d10095 |
||